000 00436nam a2200181Ia 4500
003 OSt
005 20220428114528.0
008 210210b1910 xxu||||| |||| 00| 0 eng d
040 _aAL
_c
041 _aeng
082 _a825/199
100 _aCOLERIDGE (S T)
_932627
245 _aBiographia literaria
260 _aLondon
_bJ M Dent & Sons Ltd.
_c1910
690 _aEnglish Criticism
_932630
906 _a014516
942 _2ddc
_cBK
999 _c133707
_d133707